Čistý pracovný kapitál ako indikátor zmeny majetkovej podstaty

Problematika majetkovej podstaty z hľadiska majetku ako prostriedku na zabezpečenie činnosti účtovnej jednotky. Analýzy zmeny čistého pracovného kapitálu a finančného zachovania majetkovej podstaty pomocou jej indikátorov.

Salvato in:
Dettagli Bibliografici
Autore principale: Oriskóová, Denisa
Natura: Capitolo di libro
Lingua:slovacco
Soggetti:
Tags: Aggiungi Tag
Nessun Tag, puoi essere il primo ad aggiungerne!!

MARC

LEADER 00000nla a2200000 4500
001 0227197
005 20240502073738.4
041 0 |a slo 
044 |a SK 
245 1 0 |a Čistý pracovný kapitál ako indikátor zmeny majetkovej podstaty  |c Denisa Oriskóová 
520 |a Problematika majetkovej podstaty z hľadiska majetku ako prostriedku na zabezpečenie činnosti účtovnej jednotky. Analýzy zmeny čistého pracovného kapitálu a finančného zachovania majetkovej podstaty pomocou jej indikátorov. 
610 2 0 |a jednotka účtovná 
610 2 0 |a imanie vlastné 
610 2 0 |a majetok 
610 2 0 |a záväzky 
610 2 0 |a zisk 
610 2 0 |a metóda bilančná 
610 2 0 |a informácie účtovné 
610 2 0 |a kapitál pracovný 
100 1 |a Oriskóová, Denisa